000 00744cam a2200181 i 4500
005 20251123101251.0
008 250721s1978 ua gr 000 0 ara d
020 _a9772471823
082 1 4 _a211.3
_bل ب ي
100 1 _aسعيد، لبيب
_eمؤلف.
245 1 2 _aالجمع الصوتي الأول للقرآن :
_bالمصحف المرتل عرض ودراسة لبواعث المشروع ومخططاتة /
_cبقلم صاحب الفكرة والمخطط لها الدكتور لبي السعيد.
264 3 1 _aالقاهرة :
_bدار المعارف،
_c1978.
300 _a417 صفحة.
650 1 7 _aالقرآن الكريم.
650 1 7 _aقراءات القرآن السبع.
942 _2ddc
_cBK
999 _c5717
_d5717